000 00635nam a2200217Ii 4500
003 JO-AjNU
008 230605s9999||||xx |||||||||||||| ||und||
017 _a1999/9/1667
040 _aJO-AjNU
_bara
_erda
_cJO-AjNU
041 _aara
050 1 4 _aLB1051.M2252 2000
100 3 _aالمعايطة، خليل,
_eauthor
_940215
245 0 0 _aعلم النفس التربوي
250 _aط1
264 3 1 _aعمان:دار الفكر،1999
300 _a179ص
336 _atext
_btxt
_2rdacontent
337 _aunmediated
_bn
_2rdamedia
338 _avolume
_bnc
_2rdacarrier
650 4 _a علم النفس التربوي
_940216
999 _aA17047
_c20615
_d20615